| 000 | 00451nam a2200157Ia 4500 | ||
|---|---|---|---|
| 005 | 20250822170853.0 | ||
| 008 | 250822s9999||||xx |||||||||||||| ||und|| | ||
| 100 | _aSchobinger, Juan | ||
| 245 | 0 | _aLa prehistoria como primer capĂtulo de la historia universal | |
| 300 | _ap. 557-574 | ||
| 650 | _aHISTORIA | ||
| 650 | _aHISTORIA UNIVERSAL | ||
| 650 | _aTEORIA DE LA HISTORIA | ||
| 773 | _aInvestigaciones y ensayos No. 47 (1997) | ||
| 942 | _tMJCh | ||
| 999 |
_c12574 _d12574 |
||